000 01033nas a2200325 4500
001 BR2015002544
003 BR-BrBNA
005 20231205125317.0
007 ta
008 230509b bl.|||p| |||| 00| 00por d
040 _aBR-BrBNA
_bpor
_cBiblioteca Nacional de Agricultura
041 _a(En)
072 _aQ04
100 1 _aBedoya-Perales, N.S.
100 1 _aSteel, C.J.
110 1 _a
245 1 _aEffect of the concentrations of maltogenic a-amylase and fat on the technological and sensory quality of cakes
650 _aBOLO
650 _aALIMENTO PREPARADO
650 _aPRODUTO DE PANIFICACAO
650 _aQUALIDADE
650 _aTECNOLOGIA DE ALIMENTO
650 _aANALISE ORGANOLEPTICA
650 _aGORDURA
650 _aPROCESSAMENTO
773 0 _tCiência e Tecnologia de Alimentos (Brazil)
_xISSN 1678-457X
_g(Oct-Dec 2014), v. 34(4) p. 760-766
_wBR2015002544
856 4 0 _uhttp://www.scielo.br/pdf/cta/v34n4/v34n4a17.pdf
909 _a202311
_bLúcia
_c55
_dLúcia Elande
942 _2AGRIS
_n0
_cANA
999 _c243732
_d243732